Adverse events - one of the most important health care quality indicators: a case study
Definícia a hlavné príčiny vzniku nežiadúcich účinkov. Oznamovanie a register nežiadúcich účinkov v rôznych krajinách. Porovnanie zdravotnej starostlivosti nemocníc. Nežiaduce účinky súvisiace s narodením. Nežiaduce účinky súvisiace s úmrtím.
Na minha lista:
| Autor principal: | |
|---|---|
| Formato: | Capítulo de Livro |
| Idioma: | inglês |
| Assuntos: | |
| Tags: |
Sem tags, seja o primeiro a adicionar uma tag!
|
MARC
| LEADER | 00000nla a2200000 4500 | ||
|---|---|---|---|
| 001 | 0235023 | ||
| 005 | 20240417075125.1 | ||
| 041 | 0 | |a eng | |
| 044 | |a PT | ||
| 245 | 1 | 0 | |a Adverse events - one of the most important health care quality indicators: a case study |c Vinsas Janusonis |
| 520 | |a Definícia a hlavné príčiny vzniku nežiadúcich účinkov. Oznamovanie a register nežiadúcich účinkov v rôznych krajinách. Porovnanie zdravotnej starostlivosti nemocníc. Nežiaduce účinky súvisiace s narodením. Nežiaduce účinky súvisiace s úmrtím. | ||
| 610 | 2 | 0 | |a starostlivosť zdravotná |
| 610 | 2 | 0 | |a štúdie prípadové |
| 610 | 2 | 0 | |a lekárstvo |
| 610 | 2 | 0 | |a farmakológia |
| 610 | 2 | 0 | |a nemocnice |
| 610 | 2 | 0 | |a liečivá |
| 100 | 1 | |a Janusonis, Vinsas | |